Untersuchungen zum einfluss der prozessparameter auf die welligkeit von geschaumten thermoplastfolien (Record no. 71764)

MARC details
000 -LEADER
fixed length control field 01048nam a2200169Ia 4500
245 #0 - TITLE STATEMENT
Title Untersuchungen zum einfluss der prozessparameter auf die welligkeit von geschaumten thermoplastfolien
260 ## - PUBLICATION, DISTRIBUTION, ETC. (IMPRINT)
Name of publisher Kautschuk Gummi Kunststoffe
Year of publication 2012
300 ## - PHYSICAL DESCRIPTION
Number of Pages 37-43
520 ## - SUMMARY, ETC.
Summary, etc In a research project the influence of the process parameters on the expansions bahaviour of polyethylene, which was formed with carbon dioxide as physical blowing agent was investigated. Different expansion behaviours led to different densities, thicknesses and mean cell diameters of the formed sheets. As additional parameter, the focus was set on the resulting corrugation was developed. As the main influencing parameters on the sheets structure, the content of blowing agent and nucleating agent, as well as the exit angle of the die were identified.
650 ## - SUBJECT ADDED ENTRY--TOPICAL TERM
Topical Term Carbon dioxide
650 ## - SUBJECT ADDED ENTRY--TOPICAL TERM
Topical Term Corrugation
650 ## - SUBJECT ADDED ENTRY--TOPICAL TERM
Topical Term Foam extrusion
650 ## - SUBJECT ADDED ENTRY--TOPICAL TERM
Topical Term Physical blowing agent
650 ## - SUBJECT ADDED ENTRY--TOPICAL TERM
Topical Term Polyethylene
942 ## - ADDED ENTRY ELEMENTS (KOHA)
Koha item type Journals
Holdings
Withdrawn status Lost status Damaged status Not for loan Home library Current library Shelving location Date acquired Serial Enumeration / chronology Koha item type
      Journals RRII Library RRII Library Rubber technology 31/07/2013 Volume 65, Issue 4 Journals